Govt. of
Madhya Pradesh

Natyasastra (Record no. 15758)

MARC details
000 -LEADER
fixed length control field 003510000a22001570004500
001 - CONTROL NUMBER
control field 003865
003 - CONTROL NUMBER IDENTIFIER
control field MACL
040 ## - CATALOGING SOURCE
Original cataloging agency MACL
090 ## - LOCALLY ASSIGNED LC-TYPE CALL NUMBER (OCLC); LOCAL CALL NUMBER (RLIN)
-- 15858
-- 15857
100 ## - MAIN ENTRY--PERSONAL NAME
Personal name Ranagacharya, Adya
245 ## - TITLE STATEMENT
Title Natyasastra
Statement of responsibility, etc. Adya Ranagacharya
260 ## - PUBLICATION, DISTRIBUTION, ETC. (IMPRINT)
Place of publication, distribution, etc. Munshiram Manoharlal Publishers,
Date of publication, distribution, etc. 1996
350 ## - PRICE (NR) (BK AM CF MU VM SE) [OBSOLETE]
Price 525
650 ## - SUBJECT ADDED ENTRY--TOPICAL TERM
Topical term or geographic name as entry element Literature
942 ## - ADDED ENTRY ELEMENTS (KOHA)
Call number prefix 820
Koha item type Library Membar
Holdings
Withdrawn status Lost status Damaged status Not for loan Home library Current library Date acquired Total Checkouts Full call number Barcode Date last seen Uniform Resource Identifier Price effective from Koha item type
        MACL MACL 29/04/2015   820 Book CRE10363 29/04/2015 15660 15/04/2015 Books